01110cam a2200325 a 450000100060000000300100000600500170001600700030003300800410003602000150007704000120009204100080010404300120011208200250012408400130014910000430016224500910020525000180029626400430031430000220035733600270037933700330040633800280043950000620046750400290052965000580055865000470061665000560066365000650071957499CO-BoRNBP20250704132423.0ta020611s2002 ck r 00010dspa d a9582813040 ala cla0 aspa as-ck---04a352.2 bG45h 21 ed. aRES003391 aGilibert Vargas, Luis Ernesto, d1943-10aHistorias desconocidas de la policía : b1791-1891 / cLuis Ernesto Gilibert Vargas. a1a. edición aColombiabIntermedios edictores c2002 a169 p. ; c22 cm. 2rdacontentatextobtxt 2rdamediaasin mediaciónbn 2rdacarrieravolumenbnc a1. Cien años antes 2. Grandes escandolos del siglo XIX  aIncluye bibliografías. 7aPolicíaz Colombiax Historiay 1791-1891.2BLAAUTO 7aDelincuentesaBogotá (Colombia)2BLAAUTO 7aLadronesaBogotá (Colombia)y 1791-1891.2BLAAUTO 7aCrimenaBogotá (Colombia)x Historiay 1791-1891.2BLAAUTO